Social stratification
Αποθηκεύτηκε σε:
| Άλλοι συγγραφείς: | |
|---|---|
| Μορφή: | Βιβλίο |
| Γλώσσα: | English |
| Δημοσίευση: |
Delhi :
Oxford University Press,
1993
|
| Σειρά: | Oxford in India readings in sociology and social anthropology
Oxford India paperbacks |
| Θέματα: | |
| Ετικέτες: |
Προσθήκη ετικέτας
Δεν υπάρχουν, Καταχωρήστε ετικέτα πρώτοι!
|
MARC
| LEADER | 00000nam a2200000 i 4500 | ||
|---|---|---|---|
| 001 | 1/8265 | ||
| 008 | 961010s1993 eng d | ||
| 020 | |a 0-19-563088-2 | ||
| 035 | |l 10017030 | ||
| 040 | |a GR-MY-UA |b gre |e aacr | ||
| 041 | 0 | |a eng | |
| 082 | 0 | |a 305.5120954 | |
| 245 | 1 | 0 | |a Social stratification / |c Edited by Dipankar Gupta |
| 260 | |a Delhi : |b Oxford University Press, |c 1993 | ||
| 300 | |a 518 p. | ||
| 490 | 1 | |a Oxford in India readings in sociology and social anthropology | |
| 490 | 1 | |a Oxford India paperbacks | |
| 504 | |a Includes bibliographical references and index | ||
| 650 | 0 | 0 | |a Social classes |z India. |
| 650 | 0 | 0 | |a Caste |z India. |
| 650 | 0 | 0 | |a Social conflict |z India. |
| 700 | 1 | |a Gupta, Dipankar. |4 edt | |
| 830 | 0 | |a Oxford in India readings in sociology and social anthropology | |
| 830 | 0 | |a Oxford India paperbacks | |
| 852 | |a INST |b LESVOS |e 19961010 |h 305.5120954 SOC |p 005100009088 |q 005100009088 |t BK |y 0 | ||
| 909 | |a Λ |b 038054 | ||